Olympics medal table - Modern pentathlon - Statistics

General Stats
  • This quiz has been taken 12 times
  • The average score is 11 of 16
Answer Stats
Total Gold Silver Bronze Nation % Correct
3 0 1 2 France
91%
3 2 0 1 Germany
91%
9 4 2 3 Great Britain
91%
4 3 0 1 Poland
91%
9 0 6 3 United States
91%
7 2 2 3 Italy
82%
5 4 1 0 Russia
82%
21 9 7 5 Sweden
82%
15 5 5 5 Soviet Union
73%
2 0 1 1 Unified Team
73%
5 0 1 4 Finland
64%
23 9 8 6 Hungary
64%
2 0 1 1 Czechoslovakia
27%
2 1 0 1 Czech Republic
27%
2 0 1 1 Ukraine
27%
5 1 3 1 Lithuania
0%
No matching quizzes found
Score Distribution
Percent of People with Each Score
Percentile by Number Answered
Your Score History
You have not taken this quiz